000 00783pam a2200241 a 4500
001 1132
005 20240206153719.0
020 _a0590430297
040 _aDLC
_cDLC
_dDLC
_beng
050 0 0 _aPZ7.J15417
_bSh 1990
082 0 0 _a[Fic]
_220
100 1 _aJames, Mary
_d1927-
245 1 0 _aShoebag /
_cby Mary James
260 _aNew York :
_bScholastic,
_c1990.
300 _a135 pages :
_c20 cm
505 _aR
520 _aShoebag, a happy young cockroach who finds himself suddenly changed into a little boy, changes the lives of those around him before returning to his former life as an insect.
521 _a780
_bLexile
521 _aR
_bRaz-Plus
650 1 _aCockroaches
_xFiction.
906 _a7
_bcbc
_corignew
_d1
_eocip
_f19
_gy-gencatlg
942 _2ddc
_cBK
_n0
999 _c1132
_d1132